| 000 | 00361nam a22001217a 4500 | ||
|---|---|---|---|
| 008 | 160521b xxu||||| |||| 00| 0 eng d | ||
| 020 | _a9781842150719 | ||
| 020 | _a1842150715 | ||
| 041 | _aeng | ||
| 080 | _a579 | ||
| 245 |
_aThe encyclopedia of elephants big cats bears whales: _cBarbara Taylor; Robin Kerrod; Michael Bright; Rhonda Klevansky; |
||
| 942 |
_2udc _cBK |
||
| 999 |
_c2341 _d2341 |
||